Tri tipy na dobré knihy

Bibliographic Details
Main Author: Csontos, Ladislav, 1952- (Author)
Format: Article
Language:Slovak
Subjects:

MARC

LEADER 00000nab a2200000 ar4500
001 vtls008985495
003 SK-MaSNL
005 20260303065427.0
008 070502c2007 xo qr|p|||||||000 b|slo
015 |a SNBRB2007/05 
038 |a SNKBUCL 
040 |a SNKBUCL  |b slo  |e AACR2  |c SNKBUCL 
041 0 |a slo 
044 |a xo  |c SK 
080 |a 24-584.7  |2 2001 
080 |a 27-584.7  |2 2001 
100 1 |a Csontos, Ladislav,  |d 1952-  |4 aut  |9 93641 
245 1 0 |a Tri tipy na dobré knihy  |c Ladislav Csontos 
650 0 7 |a duchovné cvičenia  |2 snkbucl  |9 1723 
655 7 |a recenzie  |2 snkbucl  |9 21907 
773 0 |t Viera a život  |g Roč. XVII, č. 2 (2007), s. 47-48  |x 1335-6771 
787 0 8 |i Rec.:  |a Enn, J.  |t Exercicie a Písmo svaté. Přehled biblických míst pro důležitá témata duchovních cvičení  |d Roma - Velehrad : Refugium, 2006 
852 |a SNK  |b KIS3GCP 
958 |a SK 
958 |a NT 
999 |c 1751149  |d 1753079